000 00337nam a22001577a 4500
003 SGT
020 _a81-8448-141-1
082 _a612
_bP10G
100 _aGHAI, C.L
245 _aA TEXTBOOK OF PRACTICAL PHYSIOLOGY
250 _a7TH
260 _aNEW DELHI
_bJAYPEE PUB
_c2010
300 _a400
650 _aPHARMACY
942 _2ddc
_cBK
999 _c11192
_d11192